Θαλάσσιοι βιολογικοί πόροι ΒΑ Αιγαίου : αξιολόγηση των πρακτικών χρήσης και προοπτικές ανάπτυξης νέων προιόντων και διεργασιών : διατριβή
Αποθηκεύτηκε σε:
| Κύριος συγγραφέας: | |
|---|---|
| Συγγραφή απο Οργανισμό/Αρχή: | |
| Άλλοι συγγραφείς: | |
| Μορφή: | Thesis Βιβλίο |
| Γλώσσα: | Greek |
| Δημοσίευση: |
2008
|
| Θέματα: | |
| Διαθέσιμο Online: | http://hdl.handle.net/11610/15193 |
| Ετικέτες: |
Προσθήκη ετικέτας
Δεν υπάρχουν, Καταχωρήστε ετικέτα πρώτοι!
|
MARC
| LEADER | 00000cam a2200000 i 4500 | ||
|---|---|---|---|
| 001 | 1/104038 | ||
| 008 | 090409s2008 gre d | ||
| 035 | |l 10104274 | ||
| 040 | |a GR-MY-UA |b gre |e aacr | ||
| 041 | 0 | |a gre | |
| 082 | 0 | |a 578.77 |2 (22) | |
| 100 | 1 | |a Σουλάντζου, Δήμητρα. | |
| 245 | 1 | 0 | |a Θαλάσσιοι βιολογικοί πόροι ΒΑ Αιγαίου : |b αξιολόγηση των πρακτικών χρήσης και προοπτικές ανάπτυξης νέων προιόντων και διεργασιών : διατριβή / |c Δήμητρα Ι. Σουλάντζου ; επιβλέπων καθηγητής: Α. Τρούμπης |
| 260 | |c 2008 | ||
| 300 | |a 79 σ.; |c 30 εκ. | ||
| 502 | |a Διατριβή (μεταπτυχιακή) – Πανεπιστήμιο Αιγαίου, Λέσβος, 2008. | ||
| 650 | 0 | 0 | |a Marine biological diversity |z Aegean Sea. |
| 650 | 0 | 0 | |a Marine biology |z Aegean Sea. |
| 650 | 0 | 0 | |a Biological diversity conservation |z Aegean Sea. |
| 650 | 0 | 0 | |a Dissertations, Academic |z Greece. |
| 700 | 1 | |a Τρούμπης, Ανδρέας. |4 ths | |
| 710 | 2 | |a Πανεπιστήμιο Αιγαίου |b Σχολή Περιβάλλοντος |b Τμήμα Περιβάλλοντος |b Πρόγραμμα Μεταπτυχιακών Σπουδών Περιβαλλοντική Πολιτική και Διαχείριση. | |
| 852 | |a INST |b LESVOS |c DIATR |e 20090409 |h 499 |p 005100045341 |q 005100045341 |t MTXE |y 23 | ||
| 852 | |a INST |b LESVOS |c DIATR |e 20090409 |h 500 |p 005100045342 |q 005100045342 |t MTXE |y 23 | ||
| 856 | |u http://hdl.handle.net/11610/15193 | ||
| 901 | |a BIBL1-2009-1 | ||
| 909 | |a Λ |b 130354 | ||
| 909 | |a Λ |b 130355 | ||
| 924 | |a ΣΟΥΛΑΝΤΖΟΥ |b ΔΗΜΗΤΡΑ |y ΛΕΣΒΟΣ |z 2008-05 | ||
| 970 | |a ΤΖΑΦΕΡΗ |b ΕΥΑΓΓΕΛΙΑ |z 2009/04/09 | ||